Airport Codes Quiz #2 - Statistics

General Stats
  • This quiz has been taken 97,473 times
    94,825 since last reset
  • The average score is 19 of 32
Answer Stats
Code City % Correct
ATL Atlanta
98%
MEX Mexico City
95%
PHX Phoenix
87%
IST Istanbul
82%
MEL Melbourne
82%
BOS Boston
81%
LAS Las Vegas
79%
TUN Tunis
77%
WAW Warsaw
76%
HAV Havana
71%
PRG Prague
71%
BOG Bogota
68%
ZRH Zurich
66%
DFW Dallas
65%
FRA Frankfurt
64%
BCN Barcelona
58%
DXB Dubai
58%
SJO San Jose
(Costa Rica)
57%
GIB Gibraltar
57%
SAN San Diego
54%
KUL Kuala Lumpur
53%
STL St. Louis
51%
IAD Washington, DC
47%
ANC Anchorage
43%
HND Tokyo
38%
YUL Montreal
34%
DME Moscow
32%
PDX Portland
32%
MXP Milan
31%
MCO Orlando
31%
GRU Sao Paulo
29%
MSY New Orleans
20%
No matching quizzes found
Score Distribution
Percent of People with Each Score
Percentile by Number Answered
Your Score History
You have not taken this quiz since the last reset